Score 0/20 Timer 05:00
3 Plays Today
% Correct
Pinocchio
97.4%
Shrek
96.8%
The Sound of Music
96.2%
The Wizard of Oz
96.1%
Avatar
95.9%
E.T.: the Extra-Terrestrial
95.4%
Snow White and the Seven Dwarfs
93.8%
Airplane!
93.8%
Cinderella
93.2%
Raiders of the Lost Ark
92.1%
% Correct
Jaws
90.8%
The Exorcist
89.3%
Cast Away
89.1%
My Fair Lady
81.3%
Twilight
81.3%
Cloverfield
78.6%
The Princess Bride
71.8%
Despicable Me
71.2%
A Christmas Story
67.8%
The Lego Movie
64%
Remove Ads.
Support Sporcle.
Get the best of Sporcle when you Go Orange. This ad-free experience offers more features, more stats, and more fun while also helping to support Sporcle. Thank you for becoming a member.

You're not logged in!

Compare scores with friends on all Sporcle quizzes.
OR
Log In

Show Comments

Extras

Top Quizzes Today


Score Distribution

Your Account Isn't Verified!

In order to create a playlist on Sporcle, you need to verify the email address you used during registration. Go to your Sporcle Settings to finish the process.

Report this User

Report this user for behavior that violates our Community Guidelines.

Details: